[Event "Canada zt"]
[Site "Kingston"]
[Date "2019.04.22"]
[Round "9"]
[White "Li, William"]
[Black "Doknjas, Joshua"]
[Result "0-1"]
[WhiteElo "2096"]
[BlackElo "2203"]
[PlyCount "78"]
[EventDate "2019.04.18"]
[EventType "swiss"]
[EventRounds "9"]
[EventCountry "CAN"]
[SourceTitle "CBM 190 Extra"]
[Source "ChessBase"]
[SourceDate "2019.07.15"]
[SourceVersion "1"]
[SourceVersionDate "2019.07.15"]
[SourceQuality "1"]

1. e4 c5 2. Nf3 d6 3. Bb5+ Nd7 4. a4 Ngf6 5. Nc3 a6 6. Be2 b6 7. d4 cxd4 8. Qxd4 e5 9. Qe3 Be7 10. 0-0 Bb7 11. Rd1 0-0 12. Nd2 Qc7 13. b3 d5 14. exd5 Bb4 15. Nde4 Nxe4 16. Nxe4 f5 17. Bc4 Kh8 18. Ng5 Qd6 19. Ne6 Rf6 20. Bb2 Rg6 21. Qd3 Rxg2+ 22. Kxg2 Qxe6 23. f4 exf4 24. Qf3 Qh6 25. Kh1 Re8 26. Rf1 Re4 27. Rad1 Nf6 28. Bc1 Bd6 29. Rfe1 Qh4 30. Rg1 Bc5 31. Rg2 Ng4 32. Bxf4 Re1+ 33. Rxe1 Qxe1+ 34. Qf1 Qe4 35. Bg3 Ne3 36. Qe2 b5 37. axb5 axb5 38. Bxb5 Bxd5 39. h3 f4 0-1

[Event "Canada zt"]
[Site "Kingston"]
[Date "2019.04.20"]
[Round "5"]
[White "Plotkin, Victor"]
[Black "Doknjas, Joshua"]
[Result "1/2-1/2"]
[WhiteElo "2304"]
[BlackElo "2203"]
[PlyCount "90"]
[EventDate "2019.04.18"]
[EventType "swiss"]
[EventRounds "9"]
[EventCountry "CAN"]
[SourceTitle "CBM 190 Extra"]
[Source "ChessBase"]
[SourceDate "2019.07.15"]
[SourceVersion "1"]
[SourceVersionDate "2019.07.15"]
[SourceQuality "1"]

1. Nf3 c5 2. g3 g6 3. Bg2 Bg7 4. 0-0 Nc6 5. c4 e5 6. Nc3 d6 7. d3 Nge7 8. e4 0-0 9. a3 f5 10. Rb1 h6 11. b4 f4 12. Nd5 g5 13. b5 Nb8 14. Nd2 Be6 15. f3 Nd7 16. g4 Rb8 17. Bb2 Ng6 18. Bc3 Kh7 19. Qa4 Ra8 20. Ba5 Nb6 21. Qb3 Rh8 22. Rb2 Nf8 23. Nb1 Kg6 24. Nbc3 Kf7 25. Kf2 Nfd7 26. Rh1 h5 27. h3 Rc8 28. Rbb1 Rh6 29. Na4 Ra8 30. Rbg1 Bxd5 31. cxd5 Qc7 32. Nb2 Rah8 33. Nc4 Qb8 34. Rc1 Qf8 35. Bd2 Qe7 36. a4 Nxc4 37. dxc4 Nf8 38. Rcg1 Ng6 39. Qd1 Qd8 40. a5 Bf6 41. Qb1 R8h7 42. gxh5 Rxh5 43. Ke2 Qh8 44. Bf1 Nh4 45. Qb3 Qe8 1/2-1/2

[Event "Canada zt"]
[Site "Kingston"]
[Date "2019.04.20"]
[Round "4"]
[White "Saha, Ananda"]
[Black "Doknjas, Joshua"]
[Result "0-1"]
[WhiteElo "2073"]
[BlackElo "2203"]
[PlyCount "62"]
[EventDate "2019.04.18"]
[EventType "swiss"]
[EventRounds "9"]
[EventCountry "CAN"]
[SourceTitle "CBM 190 Extra"]
[Source "ChessBase"]
[SourceDate "2019.07.15"]
[SourceVersion "1"]
[SourceVersionDate "2019.07.15"]
[SourceQuality "1"]

1. d4 Nf6 2. c4 e6 3. Nf3 d5 4. Nc3 Bb4 5. e3 0-0 6. Qc2 b6 7. Ne5 c5 8. a3 Ba5 9. cxd5 exd5 10. Be2 Bb7 11. 0-0 Nbd7 12. f4 Rc8 13. Qa4 c4 14. Nb5 Nxe5 15. fxe5 Ne4 16. Nxa7 Ra8 17. Nb5 Bc6 18. b4 Bxb5 19. Qxb5 Nc3 20. Qc6 Nxe2+ 21. Kf2 Nxd4 22. exd4 Qh4+ 23. Kf3 Qe4+ 24. Kg3 Bxb4 25. Bf4 Bc3 26. Rad1 Rxa3 27. Rf3 Be1+ 28. Kg4 h5+ 29. Kg5 f6+ 30. exf6 gxf6+ 31. Qxf6 Rxf6 0-1

[Event "OP-2018-0-04697"]
[Site "LSS email"]
[Date "2018.12.26"]
[Round "?"]
[White "Doknjas, Joshua"]
[Black "Hickl, Norbert"]
[Result "1-0"]
[WhiteElo "2185"]
[BlackElo "1118"]
[PlyCount "39"]
[EventDate "2018.12.18"]
[EventType "tourn (corr)"]
[EventRounds "4"]
[EventCountry "GER"]
[SourceTitle "Corr 2022"]
[Source "ChessBase"]
[SourceDate "2021.10.24"]
[SourceVersion "1"]
[SourceVersionDate "2021.10.24"]
[SourceQuality "1"]

1. d4 c5 2. d5 d6 3. c4 Nf6 4. Nc3 e6 5. e4 exd5 6. exd5 Be7 7. Nf3 Bg4 8. Be2 Nbd7 9. 0-0 0-0 10. h3 Bh5 11. Bf4 h6 12. g4 Bg6 13. Bd3 Bxd3 14. Qxd3 Nb6 15. Rae1 Re8 16. Nd2 Nh7 17. Bg3 Ng5 18. f4 Nh7 19. f5 Bh4 20. Rxe8+ 1-0

[Event "SB-2018-0-00558"]
[Site "LSS email"]
[Date "2018.12.24"]
[Round "?"]
[White "Lombart, Philippe"]
[Black "Doknjas, Joshua"]
[Result "1/2-1/2"]
[WhiteElo "1880"]
[BlackElo "2185"]
[PlyCount "46"]
[EventDate "2018.11.20"]
[EventType "tourn (corr)"]
[EventRounds "6"]
[EventCountry "GER"]
[SourceTitle "Corr 2022"]
[Source "ChessBase"]
[SourceDate "2021.10.24"]
[SourceVersion "1"]
[SourceVersionDate "2021.10.24"]
[SourceQuality "1"]

1. d4 Nf6 2. c4 g6 3. Nc3 d5 4. Nf3 Bg7 5. Bg5 Ne4 6. cxd5 Nxg5 7. Nxg5 e6 8. Nf3 exd5 9. e3 0-0 10. Be2 c6 11. 0-0 Qe7 12. a3 Nd7 13. b4 Nb6 14. Qb3 Be6 15. Rfe1 Rfe8 16. Rac1 Bf8 17. Ne5 a6 18. Nb1 Nc8 19. h3 Nd6 20. Nc3 Qg5 21. Nf3 Qf6 22. Na4 Ne4 23. Nc5 Bc8 1/2-1/2

[Event "British Columbia-ch"]
[Site "Vancouver"]
[Date "2018.10.06"]
[Round "2.1"]
[White "Doknjas, Joshua"]
[Black "Sohal, Tanraj"]
[Result "1/2-1/2"]
[WhiteElo "2250"]
[BlackElo "2377"]
[PlyCount "36"]
[EventDate "2018.10.05"]
[EventType "tourn"]
[EventRounds "7"]
[EventCountry "CAN"]
[SourceTitle "EXT 2022"]
[Source "ChessBase"]
[SourceDate "2021.10.06"]
[SourceVersion "1"]
[SourceVersionDate "2021.10.06"]
[SourceQuality "1"]

1. e4 c5 2. Nf3 e6 3. d4 cxd4 4. Nxd4 Nc6 5. Nc3 Qc7 6. Be3 a6 7. Qf3 Ne5 8. Qg3 h5 9. 0-0-0 h4 10. Qh3 b5 11. f4 Nc4 12. Bxc4 Qxc4 13. f5 Bb7 14. Rhe1 e5 15. Nb3 Bb4 16. Rd3 Nf6 17. Nd2 Qc7 18. a3 Be7 1/2-1/2

[Event "British Columbia-ch"]
[Site "Vancouver"]
[Date "2018.10.05"]
[Round "1.1"]
[White "Morozov, Grigory"]
[Black "Doknjas, Joshua"]
[Result "1/2-1/2"]
[WhiteElo "2365"]
[BlackElo "2250"]
[PlyCount "124"]
[EventDate "2018.10.05"]
[EventType "tourn"]
[EventRounds "7"]
[EventCountry "CAN"]
[SourceTitle "EXT 2022"]
[Source "ChessBase"]
[SourceDate "2021.10.06"]
[SourceVersion "1"]
[SourceVersionDate "2021.10.06"]
[SourceQuality "1"]

1. d4 Nf6 2. c4 e6 3. Nf3 d5 4. Bg5 Bb4+ 5. Nc3 dxc4 6. e3 b5 7. a4 c6 8. Be2 Bb7 9. 0-0 a6 10. Ne4 Nbd7 11. b3 cxb3 12. Qxb3 Be7 13. Ned2 h6 14. Bh4 0-0 15. Nc4 Rb8 16. Nce5 c5 17. axb5 axb5 18. Bxb5 Nxe5 19. Nxe5 cxd4 20. exd4 Qxd4 21. Bg3 Bd5 22. Qa4 Qe4 23. f3 Qe3+ 24. Kh1 Ra8 25. Qf4 Qxf4 26. Bxf4 Rxa1 27. Rxa1 Nh5 28. Bd2 Rb8 29. Nc6 Rxb5 30. Nxe7+ Kf8 31. Nxd5 exd5 32. g4 Nf6 33. Bc3 Ne8 34. Kg2 f6 35. Ra7 Nd6 36. Rd7 Nc4 37. Bd4 Ne5 38. Rc7 Rb3 39. Rc5 Nd3 40. Rc8+ Kf7 41. Rc7+ Kg6 42. Kg3 Ne1 43. Rc3 Rxc3 44. Bxc3 Nc2 45. f4 d4 46. Bd2 f5 47. h3 Na3 48. Kf3 Nc4 49. Bb4 d3 50. Bc3 d2 51. Ke2 fxg4 52. hxg4 Ne3 53. f5+ Kf7 54. Bxd2 Nxg4 55. Bc3 Nf6 56. Kf3 Nd5 57. Be5 Ne7 58. Kg4 Nd5 59. Bd4 Nf6+ 60. Kh4 Ke7 61. Bc5+ Kd7 62. Bf8 Ne8 1/2-1/2

[Event "Langley op"]
[Site "Langley"]
[Date "2018.09.03"]
[Round "6.1"]
[White "Kaufman, Raymond"]
[Black "Doknjas, Joshua"]
[Result "1-0"]
[WhiteElo "2349"]
[BlackElo "2252"]
[PlyCount "53"]
[EventDate "2018.09.01"]
[EventType "swiss"]
[EventRounds "6"]
[EventCountry "CAN"]
[SourceTitle "EXT 2022"]
[Source "ChessBase"]
[SourceDate "2021.10.06"]
[SourceVersion "1"]
[SourceVersionDate "2021.10.06"]
[SourceQuality "1"]

1. d4 Nf6 2. c4 e6 3. Nc3 Bb4 4. Nf3 0-0 5. Bg5 c5 6. e3 cxd4 7. exd4 d5 8. Bd3 dxc4 9. Bxc4 b6 10. 0-0 Bb7 11. Qe2 Nbd7 12. Rac1 Rc8 13. Ne5 h6 14. Nxd7 Qxd7 15. Bxf6 gxf6 16. Rfd1 Kh7 17. d5 Rg8 18. Ne4 Qe7 19. dxe6 fxe6 20. Bxe6 Rxg2+ 21. Kxg2 Qxe6 22. Rxc8 Bxe4+ 23. Kg1 Qf5 24. Rc7+ Kg6 25. Qe3 Bf3 26. Qe8+ Kg5 27. Rg7+ 1-0

[Event "Langley op"]
[Site "Langley"]
[Date "2018.09.02"]
[Round "3.3"]
[White "Doknjas, Joshua"]
[Black "Taylor, Tristan"]
[Result "1-0"]
[WhiteElo "2252"]
[BlackElo "1750"]
[PlyCount "93"]
[EventDate "2018.09.01"]
[EventType "swiss"]
[EventRounds "6"]
[EventCountry "CAN"]
[SourceTitle "EXT 2022"]
[Source "ChessBase"]
[SourceDate "2021.10.06"]
[SourceVersion "1"]
[SourceVersionDate "2021.10.06"]
[SourceQuality "1"]

1. e4 e6 2. d4 d5 3. Nc3 Nf6 4. Bg5 Bb4 5. e5 h6 6. Bc1 Ne4 7. Qg4 Nxc3 8. Qxg7 Nxa2+ 9. c3 Kd7 10. Rxa2 Qf8 11. Qg4 Be7 12. f4 Kd8 13. Bd3 c5 14. Nf3 Nc6 15. dxc5 Bxc5 16. b4 Bb6 17. b5 Nb8 18. Ba3 Bc5 19. Bxc5 Qxc5 20. Qg7 Qf8 21. Qf6+ Ke8 22. 0-0 Nd7 23. Qh4 Nc5 24. Bc2 Qe7 25. Qg3 Nd7 26. Nd4 Nc5 27. b6 a6 28. Nb5 axb5 29. Rxa8 Kd7 30. Bd3 Nxd3 31. Qxd3 Qc5+ 32. Qd4 Kc6 33. Qxc5+ Kxc5 34. Kf2 Kxb6 35. Ke3 Kc7 36. Rb1 Rh7 37. Rxb5 Bd7 38. Rb2 Bc6 39. Rg8 Kd7 40. g4 Ke7 41. h4 f6 42. Rb8 Rg7 43. R8xb7+ Bxb7 44. Rxb7+ Kf8 45. Rxg7 Kxg7 46. exf6+ Kxf6 47. Kd4 1-0

[Event "Langley op"]
[Site "Langley"]
[Date "2018.09.01"]
[Round "2.3"]
[White "Branch, Ryan"]
[Black "Doknjas, Joshua"]
[Result "0-1"]
[WhiteElo "1590"]
[BlackElo "2252"]
[PlyCount "88"]
[EventDate "2018.09.01"]
[EventType "swiss"]
[EventRounds "6"]
[EventCountry "CAN"]
[SourceTitle "EXT 2022"]
[Source "ChessBase"]
[SourceDate "2021.10.06"]
[SourceVersion "1"]
[SourceVersionDate "2021.10.06"]
[SourceQuality "1"]

1. e4 c5 2. c3 Nf6 3. e5 Nd5 4. g3 d6 5. exd6 Qxd6 6. Bg2 Nc6 7. d4 cxd4 8. cxd4 Bf5 9. a3 Qe6+ 10. Ne2 Bh3 11. 0-0 Bxg2 12. Kxg2 g6 13. Re1 Bg7 14. Nbc3 Qd7 15. Qb3 Rd8 16. Rd1 0-0 17. Qxd5 Qxd5+ 18. Nxd5 Rxd5 19. Be3 Rd7 20. Rd2 Rfd8 21. Rad1 Na5 22. Rc2 b6 23. b4 Nb7 24. Rdc1 Nd6 25. a4 b5 26. axb5 Nxb5 27. Rc4 Nxd4 28. Nc3 Nf5 29. Bc5 Nd6 30. Bxd6 exd6 31. Nb5 d5 32. Rc7 Rxc7 33. Rxc7 d4 34. Rc1 a6 35. Na3 d3 36. Rd1 Bf8 37. Kf3 Bxb4 38. Nb1 a5 39. Ke3 Bc5+ 40. Kf3 a4 41. Nc3 a3 42. Na2 f5 43. Nc1 d2 44. Nb3 Rd3+ 0-1

[Event "Canadian op"]
[Site "Quebec"]
[Date "2018.07.12"]
[Round "7"]
[White "Zhao, Jim"]
[Black "Doknjas, Joshua"]
[Result "1/2-1/2"]
[WhiteElo "2169"]
[BlackElo "2216"]
[PlyCount "98"]
[EventDate "2018.07.07"]
[EventType "swiss"]
[EventRounds "9"]
[EventCountry "CAN"]
[SourceTitle "CBM 185 Extra"]
[Source "ChessBase"]
[SourceDate "2018.07.29"]
[SourceVersion "1"]
[SourceVersionDate "2018.07.29"]
[SourceQuality "1"]

1. d4 Nf6 2. c4 e6 3. g3 Bb4+ 4. Bd2 Be7 5. Bg2 d5 6. Nf3 0-0 7. 0-0 Nbd7 8. Qc2 c6 9. Bf4 Ne4 10. Ne5 f5 11. Nd2 g5 12. Nxd7 Bxd7 13. Be5 Nd6 14. f4 Nf7 15. Nf3 g4 16. Ne1 Nxe5 17. fxe5 Bg5 18. Kh1 h5 19. Nd3 Kg7 20. Nf4 h4 21. Rf2 Rh8 22. Kg1 Rc8 23. c5 Qg8 24. Qb3 Rb8 25. Rc1 Rh6 26. Qa3 a6 27. Qa5 Bd8 28. Qb4 Qh7 29. e3 Be7 30. Qb6 Bd8 31. Qb3 Bc7 32. Rfc2 Qg8 33. Kf2 Qd8 34. Qa3 Qc8 35. Bf1 Bd8 36. Ke1 Qc7 37. Qb3 Bg5 38. a3 Rbh8 39. Bg2 hxg3 40. hxg3 Rh2 41. Rf2 Rb8 42. Rcc2 b6 43. cxb6 Rxb6 44. Qc3 Qb8 45. Bf1 Rxf2 46. Kxf2 Rb3 47. Qd2 Bxf4 48. gxf4 Qh8 49. Kg1 Kg6 1/2-1/2

[Event "Canadian op"]
[Site "Quebec"]
[Date "2018.07.11"]
[Round "6"]
[White "Doknjas, Joshua"]
[Black "Cui, Cynthia"]
[Result "1/2-1/2"]
[WhiteElo "2216"]
[BlackElo "1692"]
[PlyCount "107"]
[EventDate "2018.07.07"]
[EventType "swiss"]
[EventRounds "9"]
[EventCountry "CAN"]
[SourceTitle "CBM 185 Extra"]
[Source "ChessBase"]
[SourceDate "2018.07.29"]
[SourceVersion "1"]
[SourceVersionDate "2018.07.29"]
[SourceQuality "1"]

1. e4 e6 2. d4 d5 3. Nc3 Bb4 4. e5 c5 5. a3 Bxc3+ 6. bxc3 Qa5 7. Bd2 Qa4 8. Qg4 Kf8 9. Qd1 b6 10. dxc5 bxc5 11. c4 Ne7 12. Be2 Nbc6 13. Nf3 h6 14. 0-0 g6 15. Rb1 Ba6 16. cxd5 Nxd5 17. c4 Qxd1 18. Rfxd1 Nb6 19. Be3 Bxc4 20. Bxc5+ Kg7 21. Bxc4 Nxc4 22. Rdc1 N6a5 23. Rb4 Rhb8 24. Kf1 Nb6 25. Ke2 Nc6 26. Bf8+ Kxf8 27. Rxc6 Rc8 28. Nd4 Nd5 29. Rb7 Rxc6 30. Nxc6 a6 31. Nb8 Ke8 32. g3 a5 33. Kd3 Ne7 34. Kc4 Nd5 35. Kc5 Ne7 36. f4 g5 37. fxg5 hxg5 38. g4 Nc8 39. a4 Ne7 40. Kd6 Nd5 41. Kc6 Nc3 42. Rb3 Nxa4 43. Rh3 Ke7 44. Rh8 Nb2 45. Kb5 Rxb8+ 46. Rxb8 Nd3 47. Rg8 Nxe5 48. Rxg5 f6 49. Rxe5 fxe5 50. Kxa5 Kf6 51. h4 e4 52. Kb4 Ke5 53. Kc3 Kf4 54. Kd2 1/2-1/2

[Event "CAN-ch U16"]
[Site "Quebec"]
[Date "2018.07.05"]
[Round "7.14"]
[White "Liu, Lambert"]
[Black "Doknjas, Joshua"]
[Result "1/2-1/2"]
[WhiteElo "2189"]
[BlackElo "2257"]
[PlyCount "97"]
[EventDate "2018.07.02"]
[EventType "swiss"]
[EventRounds "7"]
[EventCountry "CAN"]
[SourceTitle "EXT 2022"]
[Source "ChessBase"]
[SourceDate "2021.10.06"]
[SourceVersion "1"]
[SourceVersionDate "2021.10.06"]
[SourceQuality "1"]

1. e4 c5 2. Nf3 d6 3. d4 cxd4 4. Nxd4 Nf6 5. Nc3 a6 6. Bg5 Nbd7 7. Qe2 h6 8. Bh4 g6 9. f4 e5 10. fxe5 dxe5 11. Nf3 b5 12. 0-0-0 Qc7 13. Qd2 Bb4 14. Bd3 Bb7 15. Rhe1 Rc8 16. Kb1 Kf8 17. Re2 Kg7 18. Be1 Rhe8 19. Qc1 Nc5 20. Nxb5 Qb6 21. Bxb4 Nxd3 22. Rxd3 Qxb5 23. Qe1 Bxe4 24. Rde3 a5 25. Bxa5 Bd5 26. Rxe5 Rxe5 27. Nxe5 Ra8 28. c4 Bxc4 29. Nxc4 Qxc4 30. Bc3 Qxa2+ 31. Kc2 Qa4+ 32. Kb1 Ra6 33. Rf2 Qa2+ 34. Kc2 Qa4+ 35. Kb1 Kg8 36. Qd2 Qa2+ 37. Kc2 Nd5 38. Qd4 Nxc3 39. Qxc3 Qa4+ 40. Kd2 Rd6+ 41. Ke3 Qe8+ 42. Kf3 Qe7 43. g3 Qb7+ 44. Ke2 Qb5+ 45. Ke1 Qd5 46. Qf3 Qc4 47. Re2 Re6 48. Rxe6 Qxe6+ 49. Qe2 1/2-1/2

[Event "Vancouver Intermat"]
[Site "Vancouver"]
[Date "2018.05.05"]
[Round "1.21"]
[White "Doknjas, Joshua"]
[Black "Ramasamy, Vikram"]
[Result "1-0"]
[WhiteElo "2257"]
[BlackElo "2175"]
[PlyCount "49"]
[EventDate "2018.05.05"]
[EventType "tourn"]
[EventRounds "2"]
[EventCountry "CAN"]
[SourceTitle "EXT 2022"]
[Source "ChessBase"]
[SourceDate "2021.10.06"]
[SourceVersion "1"]
[SourceVersionDate "2021.10.06"]
[SourceQuality "1"]

1. e4 Nf6 2. e5 Nd5 3. d4 d6 4. c4 Nb6 5. exd6 exd6 6. Nc3 Nc6 7. d5 Ne5 8. f4 Ng6 9. Nf3 Be7 10. Bd3 Nh4 11. Nxh4 Bxh4+ 12. g3 Bf6 13. Be3 g6 14. Qd2 Bh3 15. 0-0-0 Qd7 16. c5 dxc5 17. Bb5 c6 18. Ne4 Bg7 19. dxc6 bxc6 20. Qe1 Qc7 21. Bxc5 Be6 22. Nd6+ Kf8 23. Nf5+ Kg8 24. Ne7+ Kf8 25. Nd5+ 1-0

[Event "Victoria Grand Pacific op"]
[Site "Victoria"]
[Date "2018.03.30"]
[Round "1.9"]
[White "Doknjas, Joshua"]
[Black "Wei, Daniel"]
[Result "1-0"]
[WhiteElo "2256"]
[BlackElo "1885"]
[PlyCount "43"]
[EventDate "2018.03.30"]
[EventType "swiss"]
[EventRounds "6"]
[EventCountry "CAN"]
[SourceTitle "EXT 2022"]
[Source "ChessBase"]
[SourceDate "2021.10.06"]
[SourceVersion "1"]
[SourceVersionDate "2021.10.06"]
[SourceQuality "1"]

1. e4 c5 2. Nf3 Nc6 3. Bb5 g6 4. Bxc6 bxc6 5. 0-0 Bg7 6. Re1 Nf6 7. e5 Nd5 8. c4 Nb6 9. d4 cxd4 10. Qxd4 0-0 11. Qh4 Ba6 12. b3 d5 13. Bh6 f6 14. Nd4 Qd7 15. Bxg7 Kxg7 16. c5 Nc8 17. e6 Qc7 18. Re3 Qa5 19. Nc3 Rg8 20. Nf5+ gxf5 21. Rh3 h5 22. Qxh5 1-0

[Event "British Columbia op"]
[Site "Richmond"]
[Date "2018.02.10"]
[Round "1.5"]
[White "Doknjas, Joshua"]
[Black "Cheng, Louis"]
[Result "1-0"]
[WhiteElo "2263"]
[BlackElo "1994"]
[PlyCount "67"]
[EventDate "2018.02.10"]
[EventType "swiss"]
[EventRounds "6"]
[EventCountry "CAN"]
[SourceTitle "EXT 2022"]
[Source "ChessBase"]
[SourceDate "2021.10.06"]
[SourceVersion "1"]
[SourceVersionDate "2021.10.06"]
[SourceQuality "1"]

1. e4 c5 2. Nf3 d6 3. d4 cxd4 4. Nxd4 Nf6 5. Nc3 a6 6. h3 b5 7. g4 Bb7 8. Bg2 g6 9. Be3 Bg7 10. Qd2 Qa5 11. 0-0 Qc7 12. g5 Nfd7 13. Nd5 Bxd5 14. exd5 Nb6 15. Qa5 N8d7 16. Rae1 0-0 17. Nc6 Rfe8 18. b3 Qb7 19. f4 Rac8 20. Bf2 Nc5 21. Bxc5 dxc5 22. Nxe7+ Rxe7 23. d6 Bd4+ 24. Kh2 Rxe1 25. Bxb7 Re2+ 26. Kg3 Rce8 27. Qxb6 h5 28. gxh6 g5 29. d7 R8e3+ 30. Bf3 gxf4+ 31. Kg4 f5+ 32. Kh5 c4 33. d8Q+ Kf7 34. Qg6# 1-0

[Event "British Columbia-Washington m-A"]
[Site "Victoria"]
[Date "2018.01.14"]
[Round "4"]
[White "Moroney, Timothy"]
[Black "Doknjas, Joshua"]
[Result "0-1"]
[WhiteElo "2044"]
[BlackElo "2273"]
[PlyCount "72"]
[EventDate "2018.01.12"]
[EventType "team"]
[EventRounds "5"]
[EventCountry "CAN"]
[SourceTitle "EXT 2022"]
[Source "ChessBase"]
[SourceDate "2021.10.06"]
[SourceVersion "1"]
[SourceVersionDate "2021.10.06"]
[SourceQuality "1"]

1. e4 c5 2. Nf3 d6 3. Bb5+ Nd7 4. d4 cxd4 5. Qxd4 a6 6. Bxd7+ Bxd7 7. c4 e5 8. Qd3 Rc8 9. Nc3 Qc7 10. b3 b5 11. Nd5 Qc6 12. Nd2 Ne7 13. 0-0 Nxd5 14. exd5 Qb6 15. Bb2 Be7 16. Kh1 0-0 17. f4 exf4 18. Rxf4 Bg5 19. Bd4 Qa5 20. Qg3 f6 21. Ne4 Bxf4 22. Qxf4 bxc4 23. Nxd6 Qxd5 24. bxc4 Rxc4 25. Nxc4 Qxc4 26. Qd6 Be6 27. Re1 Bf7 28. a3 h6 29. h3 Rc8 30. Re3 Bd5 31. Qf4 Rd8 32. Kh2 Bxg2 33. Kxg2 Qxd4 34. Re8+ Kf7 35. Re4 Qd2+ 36. Qxd2 Rxd2+ 0-1

[Event "British Columbia-ch"]
[Site "Victoria"]
[Date "2017.10.07"]
[Round "2.4"]
[White "Doknjas, Joshua"]
[Black "Morozov, Grigory"]
[Result "0-1"]
[WhiteElo "2228"]
[BlackElo "2344"]
[PlyCount "114"]
[EventDate "2017.10.06"]
[EventType "tourn"]
[EventRounds "7"]
[EventCountry "CAN"]
[SourceTitle "EXT 2022"]
[Source "ChessBase"]
[SourceDate "2021.10.06"]
[SourceVersion "1"]
[SourceVersionDate "2021.10.06"]
[SourceQuality "1"]

1. e4 e6 2. d4 d5 3. Nc3 Bb4 4. e5 Qd7 5. a3 Bf8 6. Nf3 b6 7. Bb5 c6 8. Ba4 Ba6 9. Ne2 Bb5 10. Bxb5 cxb5 11. h4 Nc6 12. Ng3 Na5 13. c3 Qc6 14. Nh5 h6 15. Nf4 h5 16. Ng5 g6 17. g4 hxg4 18. Qxg4 Nh6 19. Qg2 Nb3 20. Rb1 Be7 21. Nxf7 Nxf7 22. Qxg6 Nxc1 23. Rxc1 Kd7 24. Qxf7 Rhf8 25. Qxe6+ Qxe6 26. Nxe6 Kxe6 27. Ke2 Rf5 28. Rcg1 Rh8 29. Rg6+ Kd7 30. Rg7 Rh6 31. Ke3 Ke6 32. f4 Rf7 33. Rxf7 Kxf7 34. f5 Bxh4 35. Ke2 a5 36. Rh3 Bg5 37. Rxh6 Bxh6 38. Kd3 Bg5 39. Kc2 a4 40. Kd3 Kg7 41. Kc2 Kh6 42. Kd3 Bf4 43. Kc2 Kg5 44. f6 Kf5 45. Kd3 Bg5 46. Kc2 Ke4 47. Kb1 Kd3 48. Ka1 Kc2 49. Ka2 Kd1 50. Ka1 Kc1 51. Ka2 Kc2 52. Ka1 b4 53. f7 Be7 54. c4 bxa3 55. bxa3 dxc4 56. d5 Kb3 57. d6 c3 0-1